000 01255nam a22003977a 4500
003 OSt
005 20230719151408.0
008 221006b |||||||| |||| 00| 0 eng d
040 _cBiblioteca Lado V
082 _a700
_bM385f
100 _9906
_aMartinez Herryman, Lisset
_edirectora
245 _aFisura/
_bRevista de Literatura y Arte/
260 _bFISURA INC.
_aNew York
_c2002
300 _c22x30cm
_a48p.
490 _a2
_v1
505 _aPretextos
505 _aFiguras
505 _aOtras veces
505 _aPoemas
505 _aNYC Poem
505 _aPoesia Japonesa
505 _aSiete diferencias/Siete semejanzas
505 _aEl derrumbe del otro
505 _aNada mas Universal que el desierto
505 _aJames Warren. Dream Houses
505 _aEl enigma de la imagen tecnica.
505 _aEscenarios
505 _aConvocatorias
505 _aDe nuestros colaboradores
650 _2Tesauro de Arte & Arquitectura
_aARTE
650 _2Tesauro de Arte & Arquitectura
_aLITERATURA
_9702
650 _2Tesauro de Arte & Arquitectura
_aCULTURA
_9702
651 _2Tesauro de Arte & Arquitectura
_aARTE VISUAL
710 _aFundación LA LLAMA
_eeditor
942 _2ddc
_c1
_h700
_iM385f
_n0
999 _c4079
_d4079